000 00460nam a2200181Ia 4500
001 8039
005 20260306160539.0
008 260306t2013||||xx |||||||||||||| ||spa||
041 _aESP
082 _a370.1
_bC75 V. 9
100 _aMannarelli, María Emma
_eAUT
245 0 _aLas mujeres y sus propuestas educativas, 1870-1930
260 _c2013
300 _axxvii, 390 páginas :
_c25 cm.
650 _aGEN
654 _aCED
942 _cLIB
_dJUS
_fJUS
_2ddc
_n
999 _c8039
_d8039